<?xml version="1.0" encoding="UTF-8"?>
<marc:record xmlns:marc="http://www.loc.gov/MARC21/slim">
   <marc:leader>00000nam a2200000 a 4500</marc:leader>
   <marc:datafield ind1="1" ind2=" " tag="100">
      <marc:subfield code="a">Frank, Astrid</marc:subfield>
      <marc:subfield code="4">aut</marc:subfield>
      <marc:subfield code="e">Verfasser/-in</marc:subfield>
   </marc:datafield>
   <marc:datafield ind1="0" ind2="0" tag="245">
      <marc:subfield code="a">Amal</marc:subfield>
   </marc:datafield>
   <marc:datafield ind1="0" ind2="0" tag="245">
      <marc:subfield code="b">Tochter des Windes</marc:subfield>
   </marc:datafield>
   <marc:datafield ind1="0" ind2="0" tag="245">
      <marc:subfield code="c">Astrid Frank</marc:subfield>
   </marc:datafield>
   <marc:datafield ind1=" " ind2="1" tag="264">
      <marc:subfield code="a">Stuttgart u.a.</marc:subfield>
      <marc:subfield code="b">Ed. Weitbrecht im Thienemann-Verl.</marc:subfield>
      <marc:subfield code="c">2005</marc:subfield>
   </marc:datafield>
   <marc:datafield ind1="1" ind2=" " tag="520">
      <marc:subfield code="a">Als sich Mias Augen an das Dämmerlicht in dem Schuppen gewöhnt haben, erkennt sie ein Pferd vor sich im Stroh. Es ist die Araberstute Amal. Sie erwartet ein Fohlen, das sie vielleicht nicht mehr zur Welt bringen kann. Denn Amal ist schwerkrank. Nun blickt Mia zu Tarek. Er hat die Stute gegen den Willen des Stallmeisters heimlich hierher gebracht. Für ihn steht einiges auf dem Spiel. Warum nur bedeutet ihm Amal so viel? Das Schicksal der Stute Amal und die schillernde Geschichte der legendären Araberpferde. Empfohlens Alter: 12 - 15 Jahre</marc:subfield>
   </marc:datafield>
   <marc:datafield ind1=" " ind2=" " tag="020">
      <marc:subfield code="a">9783522177368</marc:subfield>
      <marc:subfield code="9">9783522177368</marc:subfield>
   </marc:datafield>
   <marc:datafield ind1=" " ind2=" " tag="020">
      <marc:subfield code="a">3522177363</marc:subfield>
      <marc:subfield code="9">3522177363</marc:subfield>
   </marc:datafield>
   <marc:datafield ind1=" " ind2=" " tag="300">
      <marc:subfield code="a">253 S.</marc:subfield>
   </marc:datafield>
</marc:record>
